000 00288nam a22001217a 4500
008 171002b xxu||||| |||| 00| 0 eng d
041 _aeng
080 _a159.9
100 _a48
101 _aPSI
245 _aTHE DEVELOPING THROUGH THE LIFE S[PAN
_cPIERRE.CH
942 _2udc
_cBK
999 _c31232
_d31232